000 00676cam a2200265 4500
001 J847
008 090401t1992 xxu||||| |||| 00| 0 eng d
035 _a(Sirsi) u72118
041 _aeng
050 _a333.33016
110 _aHealey and Baker
_91907
245 _aPRIME : property rent indices and market editorial. - Summer 1992
260 _aLondon
_bHealey and Baker
_c1992
300 _a18p. ; 30cm.
350 _a0
650 _aINDICES
650 _aINDUSTRIAL PROPERTY
650 _aOFFICES
650 _aPROPERTY INDICES
650 _aRENTAL VALUES
650 _aSHOPS
690 _aPROPERTY-COMMERCIAL PROPERTY
942 _n0
948 _c04/03/1997
999 _c95482
_d95482